000 00654nam a2200229Ia 4500
003 OSt
005 20220928104600.0
006 a|||||r|||| 00| 0
007 ta
008 220927b |||||||| |||| 00| 0 eng d
024 _a51422
037 _cTextual
040 _aSDCL
_cSDCL
_beng
041 _2eng
_aeng
082 _aV53:19663'N1, L7
100 _aDunn Ross E
_9411139
245 0 _aResistance in the desert
_b Moroccan responses to French imperialism 1881-1912.
260 _aLondon
_bCroom Helm
_c1977
300 _a291p.
_ccm.
942 _hV53:19663'N1, L7
_cTEXL
_2CC
999 _c726798
_d726798